Daňové a účtovné vysporiadanie preplatkov a nedoplatkov z ročného zúčtovania poistného na zdravotné poistenie

Vysporiadanie preplatkov a nedoplatkov v súvislosti s príjmami zo závislej činnosti podľa paragrafu 5 zákona o dani z príjmov. Vysporiadanie preplatkov a nedoplatkov v súvislosti s príjmami z podnikania a inej samostatnej zárobkovej činnosti podľa paragrafu 6 ods. 1 a 2 zákona o dani z príjmov. Vysp...

Descrizione completa

Salvato in:
Dettagli Bibliografici
Autore principale: Gášpárová, Eva
Natura: Capitolo di libro
Lingua:slovacco
Soggetti:
Tags: Aggiungi Tag
Nessun Tag, puoi essere il primo ad aggiungerne!!

MARC

LEADER 00000naa a2200000 4500
001 0192057
005 20231109104609.0
041 0 |a slo 
044 |a SK 
245 1 0 |a Daňové a účtovné vysporiadanie preplatkov a nedoplatkov z ročného zúčtovania poistného na zdravotné poistenie  |c Eva Gášpárová 
520 |a Vysporiadanie preplatkov a nedoplatkov v súvislosti s príjmami zo závislej činnosti podľa paragrafu 5 zákona o dani z príjmov. Vysporiadanie preplatkov a nedoplatkov v súvislosti s príjmami z podnikania a inej samostatnej zárobkovej činnosti podľa paragrafu 6 ods. 1 a 2 zákona o dani z príjmov. Vysporiadanie nedoplatkov v súvislosti s príjmami z kapitálového majetku podľa paragrafu 7 a v súvislosti s ostatnými príjmami podľa paragrafu 8 zákona o dani z príjmov. Vysporiadanie rozdielov, ktoré vznikli v súvislosti s viacerými druhmi príjmov. Praktické príklady. 
610 2 0 |a poistenie zdravotné 
610 2 0 |a poistné 
610 2 0 |a dane z príjmov 
610 2 0 |a nedoplatky 
610 2 0 |a legislatíva 
610 2 0 |a zúčtovanie 
100 1 |a Gášpárová, Eva